<?xml version="1.0" encoding="UTF-8"?><?xml-stylesheet type="text/xsl" href="static/style.xsl"?><OAI-PMH xmlns="http://www.openarchives.org/OAI/2.0/" xmlns:xsi="http://www.w3.org/2001/XMLSchema-instance" xsi:schemaLocation="http://www.openarchives.org/OAI/2.0/ http://www.openarchives.org/OAI/2.0/OAI-PMH.xsd"><responseDate>2026-04-17T05:26:33Z</responseDate><request verb="GetRecord" identifier="oai:www.recercat.cat:2117/111011" metadataPrefix="marc">https://recercat.cat/oai/request</request><GetRecord><record><header><identifier>oai:recercat.cat:2117/111011</identifier><datestamp>2025-07-22T18:27:55Z</datestamp><setSpec>com_2072_1033</setSpec><setSpec>col_2072_452951</setSpec></header><metadata><record xmlns="http://www.loc.gov/MARC21/slim" xmlns:dcterms="http://purl.org/dc/terms/" xmlns:xsi="http://www.w3.org/2001/XMLSchema-instance" xmlns:doc="http://www.lyncode.com/xoai" xsi:schemaLocation="http://www.loc.gov/MARC21/slim http://www.loc.gov/standards/marcxml/schema/MARC21slim.xsd">
   <leader>00925njm 22002777a 4500</leader>
   <datafield ind2=" " ind1=" " tag="042">
      <subfield code="a">dc</subfield>
   </datafield>
   <datafield ind2=" " ind1=" " tag="720">
      <subfield code="a">Landívar Cordero, Joaquín Mateo</subfield>
      <subfield code="e">author</subfield>
   </datafield>
   <datafield ind2=" " ind1=" " tag="260">
      <subfield code="c">2017</subfield>
   </datafield>
   <datafield ind2=" " ind1=" " tag="520">
      <subfield code="a">Las líneas que este trabajo cobija, exhiben un nuevo modelo de gestión de los recursos sociales: la Economía,&#xd;
entre iguales (P2P) orientada al procomún, posible, solo y únicamente, gracias a la aparición y desarrollo de&#xd;
las Tecnologías de la Información y las Comunicaciones (TIC).&#xd;
Esta dinámica da como resultado un nuevo modo de producción, de propiedad y de gobierno, el cual se&#xd;
sustenta en cuatro elementos fundamentales: el Procomún como los cimientos; el Peer to Peer como la&#xd;
estructura; las TIC como herramientas que permiten democratizar y descentralizar los medios de producción:&#xd;
la tierra, trabajo y capital; la sostenibilidad como los principios fundamentales y límites del sistema; y la&#xd;
resiliencia, como las características funcionales sobre el que se sustenta, cuya finalidad reside en reducir su&#xd;
vulnerabilidad al riesgo y la incertidumbre.&#xd;
Así, este trabajo está estructurado en cinco capítulos: El capítulo primero, que exhibe reflexiones sobre la&#xd;
situación actual y los desafíos a futuro de un nuevo paradigma económico y social; el segundo, que analiza y&#xd;
describe la Economía entre iguales (P2P) orientada al procomún; sus características y elementos&#xd;
transcendentales; el tercero, donde se analiza la Economía Colaborativa y describen a sus instituciones,&#xd;
dinámica que forja las bases teóricas del tema estudiado; el Cuarto, donde se formulan las conclusiones del&#xd;
trabajo y se resume la temática de discusión sobre la economía entre iguales orientada al procomún.</subfield>
   </datafield>
   <datafield tag="653" ind2=" " ind1=" ">
      <subfield code="a">Àrees temàtiques de la UPC::Desenvolupament humà i sostenible</subfield>
   </datafield>
   <datafield tag="653" ind2=" " ind1=" ">
      <subfield code="a">Àrees temàtiques de la UPC::Desenvolupament humà i sostenible::Cooperació per al desenvolupament::Projectes de cooperació</subfield>
   </datafield>
   <datafield tag="653" ind2=" " ind1=" ">
      <subfield code="a">Information technology</subfield>
   </datafield>
   <datafield tag="653" ind2=" " ind1=" ">
      <subfield code="a">Economía entre Iguales (P2P)</subfield>
   </datafield>
   <datafield tag="653" ind2=" " ind1=" ">
      <subfield code="a">Arquitectura P2P</subfield>
   </datafield>
   <datafield tag="653" ind2=" " ind1=" ">
      <subfield code="a">Procomún</subfield>
   </datafield>
   <datafield tag="653" ind2=" " ind1=" ">
      <subfield code="a">TIC (Tecnologías de la Información y las Comunicaciones)</subfield>
   </datafield>
   <datafield tag="653" ind2=" " ind1=" ">
      <subfield code="a">Nuevo modelo de gestión de los recursos escasos</subfield>
   </datafield>
   <datafield tag="653" ind2=" " ind1=" ">
      <subfield code="a">Sostenibilidad y Resiliencia</subfield>
   </datafield>
   <datafield tag="653" ind2=" " ind1=" ">
      <subfield code="a">Economia col·laborativa</subfield>
   </datafield>
   <datafield tag="653" ind2=" " ind1=" ">
      <subfield code="a">Tecnologia de la informació</subfield>
   </datafield>
   <datafield ind2="0" ind1="0" tag="245">
      <subfield code="a">Las TIC como herramientas de transición hacia una Economía entre iguales (P2P) orientada al procomún</subfield>
   </datafield>
   <datafield ind2="0" ind1="0" tag="245">
      <subfield code="a">Economía social para la sostenibilidad: una visión desde las TIC</subfield>
   </datafield>
</record></metadata></record></GetRecord></OAI-PMH>